[Event "Stuttgart-chB op"]
[Site "Ditzingen"]
[Date "2015.05.16"]
[Round "5"]
[White "Weber, Yannik"]
[Black "Uhlarz, Joerg"]
[Result "0-1"]
[WhiteElo "1545"]
[BlackElo "1690"]
[PlyCount "70"]
[EventDate "2015.05.17"]
[EventType "swiss"]
[EventRounds "7"]
[EventCountry "GER"]
[SourceTitle "EXT 2018"]
[Source "ChessBase"]
[SourceDate "2017.10.13"]
[SourceVersion "1"]
[SourceVersionDate "2017.10.13"]
[SourceQuality "1"]

1. e4 e5 2. Nc3 c6 3. Bc4 Nf6 4. Nf3 Bd6 5. d4 Qa5 6. 0-0 0-0 7. Bg5 exd4 8. Bxf6 gxf6 9. Nxd4 Qg5 10. Nce2 Bc5 11. Kh1 d5 12. f4 Qh5 13. exd5 cxd5 14. Bd3 Bg4 15. Qe1 Nc6 16. Nb3 Bd6 17. Qg3 Kh8 18. Nc3 Rg8 19. Qf2 Qh6 20. Nb5 Bb8 21. Rae1 a6 22. Nc3 Ba7 23. Qd2 Rad8 24. Be2 Be6 25. f5 Qxd2 26. Nxd2 Bc8 27. Rd1 b5 28. Nf3 Nb4 29. a3 Nxc2 30. Rxd5 Ne3 31. Rxd8 Rxd8 32. Re1 Bxf5 33. Bxb5 axb5 34. Nxb5 Bb6 35. Kg1 Nc2+ 0-1

[Event "GER-ch U25 op-A"]
[Site "Oberhof"]
[Date "2013.05.25"]
[Round "9"]
[White "Weber, Yannik"]
[Black "Kempe, Markus"]
[Result "0-1"]
[WhiteElo "1542"]
[BlackElo "1649"]
[PlyCount "96"]
[EventDate "2013.05.19"]
[EventType "swiss"]
[EventRounds "9"]
[EventCountry "GER"]
[SourceTitle "CBM 154 Extra"]
[Source "ChessBase"]
[SourceDate "2013.06.25"]
[SourceVersion "2"]
[SourceVersionDate "2013.06.25"]
[SourceQuality "1"]

1. d4 Nf6 2. c4 g6 3. Nc3 Bg7 4. Nf3 0-0 5. Bg5 d6 6. Qd2 Bf5 7. h3 Qe8 8. g4 Bd7 9. Bh6 e5 10. d5 a6 11. Bxg7 Kxg7 12. Nh2 b5 13. g5 Nh5 14. e3 bxc4 15. Bxc4 c6 16. Be2 cxd5 17. Nxd5 Bc6 18. Bxh5 gxh5 19. Nf6 Qe6 20. Qc2 Rh8 21. Rg1 Qxh3 22. f4 Qxe3+ 23. Kf1 Qxf4+ 24. Ke1 Qh4+ 25. Qf2 Qxf2+ 26. Kxf2 Kg6 27. Rad1 Rd8 28. Ke2 Bb7 29. Rdf1 Nd7 30. Rf2 Rac8 31. Ke3 d5 32. Nf3 d4+ 33. Ke2 Rc2+ 34. Nd2 e4 35. Rh2 e3 36. Kd3 Rxd2+ 37. Rxd2 exd2 38. Kxd2 Nxf6 39. gxf6+ Kxf6 40. b4 d3 41. a4 Bc6 42. b5 axb5 43. axb5 Bxb5 44. Rf1+ Kg6 45. Rg1+ Kh6 46. Rf1 Re8 47. Rxf7 Re2+ 48. Kd1 Ba4+ 0-1

[Event "GER-ch U25 op-A"]
[Site "Oberhof"]
[Date "2013.05.23"]
[Round "7"]
[White "Sonnhalter, Stella"]
[Black "Weber, Yannik"]
[Result "1-0"]
[WhiteElo "1843"]
[BlackElo "1542"]
[PlyCount "45"]
[EventDate "2013.05.19"]
[EventType "swiss"]
[EventRounds "9"]
[EventCountry "GER"]
[SourceTitle "CBM 154 Extra"]
[Source "ChessBase"]
[SourceDate "2013.06.25"]
[SourceVersion "2"]
[SourceVersionDate "2013.06.25"]
[SourceQuality "1"]

1. e4 e5 2. Nf3 Nc6 3. Bc4 d6 4. c3 Be6 5. Bb3 Nf6 6. d3 Be7 7. Nbd2 0-0 8. Bc2 d5 9. Qe2 dxe4 10. dxe4 Nh5 11. Nxe5 Nf4 12. Nxc6 bxc6 13. Qf3 Bd6 14. Nf1 f5 15. Bxf4 fxe4 16. Qxe4 Bf5 17. Qc4+ Kh8 18. Bxd6 Re8+ 19. Ne3 Bxc2 20. Bg3 Re4 21. Qxc6 Rb8 22. 0-0 Rxb2 23. Nxc2 1-0

[Event "GER-ch U25 op-A"]
[Site "Oberhof"]
[Date "2013.05.22"]
[Round "6"]
[White "Weber, Yannik"]
[Black "Von Reppert, Marc"]
[Result "1/2-1/2"]
[WhiteElo "1542"]
[BlackElo "1681"]
[PlyCount "64"]
[EventDate "2013.05.19"]
[EventType "swiss"]
[EventRounds "9"]
[EventCountry "GER"]
[SourceTitle "CBM 154 Extra"]
[Source "ChessBase"]
[SourceDate "2013.06.25"]
[SourceVersion "2"]
[SourceVersionDate "2013.06.25"]
[SourceQuality "1"]

1. d4 f5 2. c4 e6 3. Nc3 Bb4 4. Bd2 Nf6 5. a3 Bxc3 6. Bxc3 0-0 7. f3 b6 8. Qc2 Bb7 9. 0-0-0 d5 10. e3 Qe8 11. Nh3 Nbd7 12. Nf4 Rc8 13. cxd5 Nxd5 14. Nxd5 exd5 15. Re1 Qf7 16. Bd3 c5 17. g4 cxd4 18. exd4 g6 19. gxf5 gxf5 20. Rhg1+ Kh8 21. Rg5 f4 22. Rf5 Qg7 23. Rxf8+ Nxf8 24. Qa4 Bc6 25. Qb4 Ng6 26. Rg1 Qf6 27. Kb1 Bd7 28. Qb3 Bf5 29. Bxf5 Qxf5+ 30. Ka1 Re8 31. Bd2 Qf7 32. Rg5 Rd8 1/2-1/2

[Event "GER-ch U25 op-A"]
[Site "Oberhof"]
[Date "2013.05.20"]
[Round "3"]
[White "Weber, Yannik"]
[Black "Halas, Lena"]
[Result "0-1"]
[WhiteElo "1542"]
[BlackElo "1668"]
[PlyCount "74"]
[EventDate "2013.05.19"]
[EventType "swiss"]
[EventRounds "9"]
[EventCountry "GER"]
[SourceTitle "CBM 154 Extra"]
[Source "ChessBase"]
[SourceDate "2013.06.25"]
[SourceVersion "2"]
[SourceVersionDate "2013.06.25"]
[SourceQuality "1"]

1. d4 d5 2. c4 dxc4 3. Nc3 e5 4. e3 Nc6 5. d5 Nce7 6. Bxc4 Nf6 7. e4 Ng6 8. Nge2 Bc5 9. Bg5 Bxf2+ 10. Kd2 Bc5 11. Bb5+ c6 12. Bxf6 Qxf6 13. dxc6 bxc6 14. Nd5 Qd6 15. Ba4 0-0 16. Kc2 cxd5 17. exd5 Bb7 18. Nc3 Bb6 19. Qd3 Nf4 20. Qb5 Qg6+ 21. Kb3 Rad8 22. Rad1 e4 23. g3 Nd3 24. g4 Nf2 25. Qf1 Nxh1 26. Qxh1 e3 27. h4 e2 28. Nxe2 Qxg4 29. Nc3 Ba6 30. Qh2 Bc4+ 31. Ka3 Bc5+ 32. b4 Bd6 33. Qf2 a5 34. Rg1 axb4+ 35. Kb2 bxc3+ 36. Kxc3 Qe2 37. Qf6 Be5+ 0-1

[Event "GER-ch U25 op-A"]
[Site "Oberhof"]
[Date "2013.05.19"]
[Round "1"]
[White "Weber, Yannik"]
[Black "Kast, Joannis"]
[Result "0-1"]
[WhiteElo "1542"]
[BlackElo "1823"]
[PlyCount "60"]
[EventDate "2013.05.19"]
[EventType "swiss"]
[EventRounds "9"]
[EventCountry "GER"]
[SourceTitle "CBM 154 Extra"]
[Source "ChessBase"]
[SourceDate "2013.06.25"]
[SourceVersion "2"]
[SourceVersionDate "2013.06.25"]
[SourceQuality "1"]

1. d4 b6 2. c4 Bb7 3. Nc3 e6 4. f3 f5 5. g3 Bb4 6. Qd3 Nf6 7. Bg5 0-0 8. a3 Bxc3+ 9. Qxc3 Qc8 10. Bxf6 Rxf6 11. 0-0-0 d6 12. Bg2 Nd7 13. h4 a5 14. Rh2 e5 15. g4 fxg4 16. fxg4 exd4 17. Qxd4 Ne5 18. g5 Rf8 19. Bh3 Qe8 20. h5 Qe7 21. Qh4 Rae8 22. h6 g6 23. Re1 Qf7 24. Rf1 Qe7 25. Rhf2 Rxf2 26. Rxf2 Nf7 27. Rf6 Qe3+ 28. Kd1 Qxg1+ 29. Kd2 Qxg5+ 30. Rf4 Qxh4 0-1

[Event "GER-chB U25"]
[Site "Oberhof"]
[Date "2011.06.17"]
[Round "8"]
[White "Weber, Yannik"]
[Black "Riedel, Erich"]
[Result "1-0"]
[WhiteElo "1542"]
[BlackElo "1137"]
[PlyCount "55"]
[EventDate "2011.06.11"]
[EventType "swiss"]
[EventRounds "9"]
[EventCountry "GER"]
[SourceTitle "CBM 142 Extra"]
[Source "ChessBase"]
[SourceDate "2011.06.27"]
[SourceVersion "1"]
[SourceVersionDate "2011.06.27"]
[SourceQuality "1"]

1. d4 d5 2. c4 e6 3. Nc3 Nf6 4. Nf3 c6 5. Bg5 Nbd7 6. e4 h6 7. Bxf6 Nxf6 8. e5 Nh7 9. c5 b6 10. b4 a5 11. a3 Bd7 12. Bd3 g6 13. 0-0 Ng5 14. cxb6 Qxb6 15. Na4 Qd8 16. Nc5 Be7 17. Nb7 Qb8 18. Nxa5 Kf8 19. Nxg5 hxg5 20. f4 Kg7 21. fxg5 Bxg5 22. Qf3 Qf8 23. Qg3 Qe7 24. Rf3 Rh4 25. Raf1 Rf8 26. Bxg6 Kxg6 27. Rf6+ Kh7 28. Qxg5 1-0

[Event "GER-chB U25"]
[Site "Oberhof"]
[Date "2011.06.14"]
[Round "5"]
[White "Reimann, Matthias"]
[Black "Weber, Yannik"]
[Result "1/2-1/2"]
[WhiteElo "1541"]
[BlackElo "1542"]
[PlyCount "116"]
[EventDate "2011.06.11"]
[EventType "swiss"]
[EventRounds "9"]
[EventCountry "GER"]
[SourceTitle "CBM 142 Extra"]
[Source "ChessBase"]
[SourceDate "2011.06.27"]
[SourceVersion "1"]
[SourceVersionDate "2011.06.27"]
[SourceQuality "1"]

1. c4 e6 2. Nc3 Nf6 3. Nf3 d5 4. cxd5 exd5 5. d4 Bf5 6. g3 Bb4 7. Qb3 Nc6 8. a3 Bxc3+ 9. Qxc3 0-0 10. Bg2 Re8 11. e3 Qd7 12. 0-0 Re6 13. Ng5 Rd6 14. Qb3 Rb8 15. Re1 h6 16. Nf3 Bh3 17. Ne5 Qc8 18. Nxc6 bxc6 19. Qc2 Bxg2 20. Kxg2 Ne4 21. h4 Rf6 22. f3 Nd6 23. Rb1 Nf5 24. h5 g6 25. Rh1 Ng7 26. hxg6 Rxg6 27. e4 dxe4 28. Qxe4 Re6 29. Qd3 Qe8 30. Kf2 h5 31. Bf4 Rd8 32. Rbe1 c5 33. d5 Rxe1 34. Rxe1 Qd7 35. Rc1 Qh3 36. Rg1 Qd7 37. g4 Qxd5 38. Qxd5 Rxd5 39. gxh5 Rxh5 40. Bxc7 Kh7 41. Rg4 Rd5 42. Ba5 Ne6 43. Bc3 Nd4 44. Bxd4 Rxd4 45. Rxd4 cxd4 46. Ke2 Kg6 47. b4 Kf5 48. a4 Ke5 49. Kd3 Kd5 50. b5 Kc5 51. f4 f5 52. a5 Kxb5 53. Kxd4 Kxa5 54. Ke5 Kb5 55. Kxf5 a5 56. Kg6 a4 57. f5 a3 58. f6 a2 1/2-1/2

[Event "GER-chB U25"]
[Site "Oberhof"]
[Date "2011.06.14"]
[Round "6"]
[White "Weber, Yannik"]
[Black "Thumm, Niklas"]
[Result "1-0"]
[WhiteElo "1542"]
[BlackElo "1016"]
[PlyCount "120"]
[EventDate "2011.06.11"]
[EventType "swiss"]
[EventRounds "9"]
[EventCountry "GER"]
[SourceTitle "CBM 142 Extra"]
[Source "ChessBase"]
[SourceDate "2011.06.27"]
[SourceVersion "1"]
[SourceVersionDate "2011.06.27"]
[SourceQuality "1"]

1. d4 d5 2. c4 e6 3. Nc3 Nf6 4. e3 c5 5. Nf3 Be7 6. Be2 0-0 7. 0-0 Nc6 8. b3 Qb6 9. Na4 Qd8 10. dxc5 b6 11. cxb6 axb6 12. cxd5 exd5 13. Bb2 Bg4 14. Nd4 Bxe2 15. Qxe2 Rc8 16. Rac1 Qd6 17. Rxc6 Rxc6 18. Nxc6 Qxc6 19. Rc1 Qd6 20. Qf3 Qe6 21. Bxf6 Bxf6 22. g3 g6 23. Nc3 Rc8 24. Ne2 Rxc1+ 25. Nxc1 Bg5 26. Ne2 Qe4 27. Qxe4 dxe4 28. Nc3 Be7 29. Nxe4 Kg7 30. Nc3 Kh6 31. Nd5 Bc5 32. b4 Bd6 33. Nxb6 Bxb4 34. a4 Kg7 35. Nc4 Kf8 36. Ne5 f6 37. Nc6 Bc5 38. Kf1 Ke8 39. Ke2 Kd7 40. Nd4 Kc8 41. Kd3 Kb7 42. g4 Bd6 43. h3 Kb6 44. Kc4 h6 45. f3 Ka5 46. Kb3 Bg3 47. e4 Bf2 48. Ne6 Bg3 49. Nf8 g5 50. Nd7 Be5 51. Nxe5 fxe5 52. Kc4 Kxa4 53. Kd5 Kb5 54. Kxe5 Kc6 55. Kf6 Kd6 56. e5+ Kd5 57. e6 Kd4 58. e7 Ke3 59. e8Q+ Kxf3 60. Kf5 Kg3 1-0

[Event "GER-ch U25"]
[Site "Oberhof"]
[Date "2010.05.29"]
[Round "9"]
[White "Leddin, Mathias"]
[Black "Weber, Yannik"]
[Result "1/2-1/2"]
[WhiteElo "1672"]
[BlackElo "1285"]
[PlyCount "35"]
[EventDate "2010.05.22"]
[EventType "swiss"]
[EventRounds "9"]
[EventCountry "GER"]
[SourceTitle "CBM 136 Extra"]
[Source "ChessBase"]
[SourceDate "2010.07.02"]
[SourceVersion "2"]
[SourceVersionDate "2010.07.15"]
[SourceQuality "1"]

1. e4 e5 2. Nf3 Nc6 3. d4 exd4 4. Nxd4 Bc5 5. Be3 Qf6 6. c3 Nge7 7. Be2 0-0 8. 0-0 d6 9. Nc2 Bxe3 10. Nxe3 Qg6 11. Bf3 Ne5 12. Nd2 Nxf3+ 13. Qxf3 f5 14. exf5 Nxf5 15. Qe4 Qf6 16. Nd5 Qf7 17. Rae1 c6 18. Nb4 1/2-1/2

[Event "GER-ch U25"]
[Site "Oberhof"]
[Date "2010.05.26"]
[Round "6"]
[White "Weber, Yannik"]
[Black "Jorczik, Andreas Carlos"]
[Result "1/2-1/2"]
[WhiteElo "1285"]
[BlackElo "1779"]
[PlyCount "62"]
[EventDate "2010.05.22"]
[EventType "swiss"]
[EventRounds "9"]
[EventCountry "GER"]
[SourceTitle "CBM 136 Extra"]
[Source "ChessBase"]
[SourceDate "2010.07.02"]
[SourceVersion "2"]
[SourceVersionDate "2010.07.15"]
[SourceQuality "1"]

1. d4 Nf6 2. c4 e6 3. Nc3 d5 4. Bg5 Be7 5. Nf3 0-0 6. e3 b6 7. cxd5 Nxd5 8. Nxd5 exd5 9. Bxe7 Qxe7 10. Qb3 Rd8 11. Bd3 Bb7 12. Rc1 Na6 13. a3 c5 14. Bb5 Nc7 15. Be2 Ne6 16. Qc3 Rac8 17. Qd2 f5 18. 0-0 Rf8 19. Rfe1 Rf6 20. b4 c4 21. Ne5 Rh6 22. Rc3 Qh4 23. Nf3 Qf6 24. Bf1 g5 25. g3 g4 26. Ne5 Ng5 27. Bg2 Qe6 28. f4 Ne4 29. Bxe4 dxe4 30. Rd1 Bd5 31. b5 a6 1/2-1/2

[Event "GER-ch U25"]
[Site "Oberhof"]
[Date "2010.05.23"]
[Round "2"]
[White "Hundt, Fabian"]
[Black "Weber, Yannik"]
[Result "1-0"]
[WhiteElo "1948"]
[BlackElo "1285"]
[PlyCount "117"]
[EventDate "2010.05.22"]
[EventType "swiss"]
[EventRounds "9"]
[EventCountry "GER"]
[SourceTitle "CBM 136 Extra"]
[Source "ChessBase"]
[SourceDate "2010.07.02"]
[SourceVersion "2"]
[SourceVersionDate "2010.07.15"]
[SourceQuality "1"]

1. d4 d5 2. Nf3 Nc6 3. c4 e5 4. cxd5 Qxd5 5. Nc3 Qd6 6. d5 Nce7 7. e4 Bg4 8. Be2 g6 9. Qc2 a6 10. h3 Bxf3 11. Bxf3 Bg7 12. Be3 Nf6 13. 0-0 0-0 14. Rfe1 Rfc8 15. Na4 b6 16. a3 a5 17. Red1 Rab8 18. Be2 c5 19. Nc3 Ne8 20. Nb5 Qd7 21. f4 Nd6 22. a4 Bh6 23. Rf1 c4 24. Nxd6 Qxd6 25. Qd2 Kg7 26. Bxc4 exf4 27. Bxf4 Bxf4 28. Qxf4 Qxf4 29. Rxf4 f5 30. b3 fxe4 31. Re1 Rd8 32. Rd1 e3 33. Re4 Nf5 34. g4 Nd6 35. Rxe3 Nxc4 36. bxc4 Rbc8 37. Rd4 Rd6 38. Re7+ Kg8 39. Rde4 Rf6 40. Re8+ Rxe8 41. Rxe8+ Kf7 42. Re4 h6 43. Kg2 g5 44. Re3 Kf8 45. Rf3 Rxf3 46. Kxf3 Ke7 47. Ke4 Kf6 48. Kd4 Ke7 49. Ke5 Kf7 50. Kd6 Ke8 51. Kc7 b5 52. cxb5 h5 53. d6 hxg4 54. d7+ Kf7 55. hxg4 Kg8 56. d8Q+ Kh7 57. Qf6 Kg8 58. Qe7 Kh8 59. b6 1-0

[Event "GER-ch U25"]
[Site "Oberhof"]
[Date "2010.05.23"]
[Round "1"]
[White "Weber, Yannik"]
[Black "Wang, Julia"]
[Result "1-0"]
[WhiteElo "1285"]
[BlackElo "1722"]
[PlyCount "117"]
[EventDate "2010.05.22"]
[EventType "swiss"]
[EventRounds "9"]
[EventCountry "GER"]
[SourceTitle "CBM 136 Extra"]
[Source "ChessBase"]
[SourceDate "2010.07.02"]
[SourceVersion "2"]
[SourceVersionDate "2010.07.15"]
[SourceQuality "1"]

1. d4 f5 2. c4 Nf6 3. Nf3 g6 4. Bf4 Bg7 5. e3 d6 6. Qb3 Nc6 7. h3 e6 8. Na3 a6 9. 0-0-0 Ne4 10. Qc2 Nb4 11. Qa4+ Qd7 12. Qxb4 Nxf2 13. Rg1 Nxd1 14. Kxd1 e5 15. Bh2 e4 16. Nd2 0-0 17. c5 a5 18. Qb3+ Kh8 19. cxd6 cxd6 20. Qd5 Qa4+ 21. Kc1 Bd7 22. Be2 Rfc8+ 23. Kb1 Qb4 24. Rd1 Ba4 25. Bxd6 Rd8 26. Bxb4 Rxd5 27. Bc4 Rxd4 28. b3 Rd7 29. Bc5 Bc6 30. Kc1 b5 31. Be6 Rb7 32. Nc2 Re8 33. Nd4 b4 34. Nxc6 Rc7 35. Bd5 Rec8 36. Nc4 Bh6 37. Bd4+ Bg7 38. Bxg7+ Kxg7 39. N6xa5 Ra7 40. Kb2 Rf8 41. Nc6 Rd7 42. Nxb4 f4 43. Re1 f3 44. gxf3 exf3 45. Ne5 f2 46. Rf1 Rd6 47. Ned3 Rdf6 48. Nf4 Kh6 49. h4 Re8 50. Nc2 Kg7 51. Rxf2 Re5 52. e4 h6 53. Nd3 Rh5 54. Rxf6 Kxf6 55. e5+ Ke7 56. Nf4 Rf5 57. Nxg6+ Ke8 58. a4 Kd7 59. e6+ 1-0

[Event "GER-ch U25 op"]
[Site "Willingen"]
[Date "2009.06.04"]
[Round "7"]
[White "Weber, Yannik"]
[Black "Schirra, Felix"]
[Result "1-0"]
[WhiteElo "1236"]
[BlackElo "1440"]
[PlyCount "77"]
[EventDate "2009.05.30"]
[EventType "swiss"]
[EventRounds "9"]
[EventCountry "GER"]
[SourceTitle "EXT 2010"]
[Source "ChessBase"]
[SourceDate "2010.11.25"]
[SourceVersion "1"]
[SourceVersionDate "2010.11.25"]
[SourceQuality "1"]

1. d4 Nf6 2. c4 g6 3. Nc3 Bg7 4. Nf3 0-0 5. e3 d6 6. Bd3 Nbd7 7. 0-0 c5 8. b3 Ne8 9. Bb2 Nc7 10. Ne4 b6 11. Rb1 f5 12. Ng3 e5 13. Bc2 e4 14. Ne1 d5 15. dxc5 Nxc5 16. Bxg7 Kxg7 17. Qd4+ Qf6 18. cxd5 Qxd4 19. exd4 Nd7 20. f3 Ba6 21. Rf2 e3 22. Rf1 Bxf1 23. d6 Nd5 24. Kxf1 Nb4 25. Bd1 Nxa2 26. Be2 Nc3 27. Rc1 Nxe2 28. Nxe2 Rfc8 29. Rc7 Rxc7 30. dxc7 Rc8 31. Nc2 Rxc7 32. Nxe3 Nf6 33. Nf4 Rc3 34. Nc4 Rxb3 35. Ne5 a5 36. Ne6+ Kh6 37. Nf7+ Kh5 38. Nf4+ Kh4 39. g3# 1-0

[Event "GER-ch U25 op"]
[Site "Willingen"]
[Date "2009.06.01"]
[Round "3"]
[White "Weber, Yannik"]
[Black "Wachinger, David"]
[Result "1/2-1/2"]
[WhiteElo "1236"]
[BlackElo "1386"]
[PlyCount "73"]
[EventDate "2009.05.30"]
[EventType "swiss"]
[EventRounds "9"]
[EventCountry "GER"]
[SourceTitle "EXT 2010"]
[Source "ChessBase"]
[SourceDate "2010.11.25"]
[SourceVersion "1"]
[SourceVersionDate "2010.11.25"]
[SourceQuality "1"]

1. d4 d5 2. c4 c6 3. Nc3 Nf6 4. e3 Bf5 5. Qb3 Qb6 6. Qxb6 axb6 7. cxd5 cxd5 8. Bb5+ Nbd7 9. Nf3 e6 10. Ne5 Bb4 11. Bxd7+ Nxd7 12. Nxd7 Kxd7 13. Bd2 Rhc8 14. a3 h6 15. 0-0 Bd6 16. Rfc1 Be7 17. Nb5 Rxc1+ 18. Rxc1 Rc8 19. Rxc8 Kxc8 20. h3 Kd7 21. f3 Bd3 22. Nc3 Bg6 23. g4 Bg5 24. f4 Bf6 25. Na4 Kc6 26. Be1 Bd3 27. h4 Be7 28. g5 hxg5 29. hxg5 Bd6 30. Nc3 Bg6 31. Nd1 Bc7 32. Bb4 Bd6 33. Bxd6 Kxd6 34. Nf2 Bf5 35. b4 Kc6 36. Nd1 Bc2 37. Nc3 1/2-1/2

[Event "GER-ch U25 op"]
[Site "Willingen"]
[Date "2008.05.17"]
[Round "9"]
[White "Huemmecke, Aaron"]
[Black "Weber, Yannik"]
[Result "1-0"]
[WhiteElo "1466"]
[BlackElo "1057"]
[PlyCount "95"]
[EventDate "2008.05.11"]
[EventType "swiss"]
[EventRounds "9"]
[EventCountry "GER"]
[SourceTitle "CBM 124 Extra"]
[Source "ChessBase"]
[SourceDate "2008.07.03"]
[SourceVersion "1"]
[SourceVersionDate "2008.07.03"]
[SourceQuality "1"]

1. e4 e5 2. Nf3 Nc6 3. d4 exd4 4. Nxd4 Nxd4 5. Qxd4 d6 6. Bc4 Be6 7. Bxe6 fxe6 8. 0-0 e5 9. Qc4 Nf6 10. f4 Qe7 11. fxe5 dxe5 12. Nc3 Qc5+ 13. Qxc5 Bxc5+ 14. Kh1 0-0-0 15. Bg5 Rhf8 16. a3 h6 17. Bxf6 gxf6 18. Nd5 Rd6 19. Rad1 c6 20. Ne7+ Kb8 21. Rxd6 Bxd6 22. Nf5 Rd8 23. Nxh6 Bc5 24. h4 Rh8 25. Rxf6 Be7 26. Rg6 Bxh4 27. Rg8+ Rxg8 28. Nxg8 Bg5 29. Kh2 Bc1 30. g4 Bg5 31. c4 b5 32. cxb5 cxb5 33. Kh3 a5 34. Nh6 Bxh6 35. Kh4 b4 36. axb4 axb4 37. g5 Bxg5+ 38. Kxg5 Kc7 39. Kf5 Kd6 40. b3 Ke7 41. Kxe5 Kf7 42. Kd6 Ke8 43. Ke6 Kd8 44. e5 Ke8 45. Kd6 Kd8 46. e6 Ke8 47. e7 Kf7 48. Kd7 1-0

[Event "GER-ch U25 op"]
[Site "Willingen"]
[Date "2008.05.13"]
[Round "4"]
[White "Weber, Yannik"]
[Black "Reksten, Anne"]
[Result "1-0"]
[WhiteElo "1057"]
[BlackElo "807"]
[PlyCount "125"]
[EventDate "2008.05.11"]
[EventType "swiss"]
[EventRounds "9"]
[EventCountry "GER"]
[SourceTitle "CBM 124 Extra"]
[Source "ChessBase"]
[SourceDate "2008.07.03"]
[SourceVersion "1"]
[SourceVersionDate "2008.07.03"]
[SourceQuality "1"]

1. d4 d5 2. c4 c6 3. e3 Nf6 4. Nc3 Bf5 5. Bd3 Bg6 6. Bxg6 hxg6 7. cxd5 cxd5 8. Qe2 Qb6 9. Qb5+ Qxb5 10. Nxb5 Kd8 11. Nf3 e6 12. 0-0 a6 13. Ne5 Rh7 14. Nc3 Ke8 15. Bd2 Nc6 16. Nxc6 bxc6 17. Rfc1 Rb8 18. Rab1 Bd6 19. h3 g5 20. f3 e5 21. Na4 Rc8 22. e4 dxe4 23. dxe5 Bxe5 24. Re1 Rd8 25. Bxg5 Rd5 26. Bxf6 gxf6 27. Rxe4 f5 28. Re2 Kd7 29. Nc3 Bxc3 30. bxc3 Kd6 31. Rbe1 Ra5 32. f4 f6 33. Re6+ Kc5 34. Rxf6 Rxa2 35. Rxf5+ Kb6 36. Rb1+ Kc7 37. Rg5 Rc2 38. Rc5 Kd6 39. Ra5 Ra7 40. f5 Rxc3 41. f6 Rc4 42. Rf1 Ke6 43. g4 Rc3 44. Kg2 Rc2+ 45. Kg3 Rc3+ 46. Kh4 Rh7+ 47. Kg5 Rcxh3 48. Rff5 R3h6 49. Rxa6 Rh8 50. Rxc6+ Kf7 51. Rc7+ Ke6 52. f7 R6h7 53. f8Q Rxf8 54. Rxh7 Rxf5+ 55. gxf5+ Ke5 56. f6 Ke6 57. Re7+ Kd5 58. f7 Kd6 59. f8Q Kd5 60. Qd8+ Kc6 61. Rc7+ Kb6 62. Qb8+ Ka6 63. Ra7# 1-0

[Event "GER-ch U25 op"]
[Site "Willingen"]
[Date "2008.05.12"]
[Round "3"]
[White "Meiser, Michael"]
[Black "Weber, Yannik"]
[Result "1-0"]
[WhiteElo "1490"]
[BlackElo "1057"]
[PlyCount "85"]
[EventDate "2008.05.11"]
[EventType "swiss"]
[EventRounds "9"]
[EventCountry "GER"]
[SourceTitle "CBM 124 Extra"]
[Source "ChessBase"]
[SourceDate "2008.07.03"]
[SourceVersion "1"]
[SourceVersionDate "2008.07.03"]
[SourceQuality "1"]

1. e4 e5 2. Nf3 Nc6 3. Bb5 a6 4. Ba4 Nf6 5. 0-0 b5 6. Bb3 Be7 7. Re1 0-0 8. c3 Na5 9. Nxe5 d6 10. Nf3 Bb7 11. Bc2 Re8 12. d4 c5 13. Bf4 cxd4 14. cxd4 d5 15. e5 Nh5 16. Qd3 g6 17. Be3 Nc4 18. Bc1 Qa5 19. b3 Bb4 20. Re2 Na3 21. Nxa3 Bxa3 22. Bd2 Bb4 23. a3 Bxd2 24. Rxd2 Rac8 25. b4 Qb6 26. Ng5 Re7 27. Qh3 Rc4 28. Rad1 Bc8 29. Qh4 Rxe5 30. g4 Nf6 31. h3 Re7 32. Nxh7 Re6 33. Ng5 Qc7 34. Nxe6 Bxe6 35. Bxg6 fxg6 36. Qxf6 Bf7 37. Qxa6 Rc3 38. Rd3 Rc2 39. Qxb5 Qf4 40. Rf1 Be6 41. Qe8+ Kh7 42. Qxe6 Qh6 43. Rf3 1-0

[Event "GER-ch U25 op"]
[Site "Willingen"]
[Date "2008.05.11"]
[Round "2"]
[White "Weber, Yannik"]
[Black "Zhou, Wile"]
[Result "0-1"]
[WhiteElo "1057"]
[BlackElo "1512"]
[PlyCount "130"]
[EventDate "2008.05.11"]
[EventType "swiss"]
[EventRounds "9"]
[EventCountry "GER"]
[SourceTitle "CBM 124 Extra"]
[Source "ChessBase"]
[SourceDate "2008.07.03"]
[SourceVersion "1"]
[SourceVersionDate "2008.07.03"]
[SourceQuality "1"]

1. e4 c5 2. Nf3 e6 3. d4 cxd4 4. Nxd4 Nf6 5. Nc3 Nc6 6. Bb5 Bb4 7. Nde2 Nxe4 8. Bxc6 bxc6 9. 0-0 Nxc3 10. Nxc3 Bxc3 11. bxc3 0-0 12. Qg4 f5 13. Qg3 Bb7 14. Bh6 Qf6 15. Bf4 Qg6 16. Rab1 Qxg3 17. Bxg3 Ba6 18. Rfd1 d5 19. Be5 Kf7 20. Rd4 g5 21. f4 g4 22. Ra4 Bb5 23. Rd4 a5 24. a4 c5 25. Rd2 Bxa4 26. Rb7+ Ke8 27. Rxh7 Rc8 28. Bd6 Rf7 29. Rh8+ Kd7 30. Rxc8 Kxc8 31. Bxc5 Rb7 32. Rd4 Bxc2 33. c4 Rc7 34. Bb6 Rxc4 35. Rxc4+ dxc4 36. h4 gxh3 37. gxh3 a4 38. Bd4 Kd7 39. h4 Bd1 40. Kf1 Kc6 41. Ke1 Bg4 42. Kd2 Kd5 43. Ba1 Ke4 44. Be5 a3 45. Kc2 a2 46. Kb2 c3+ 47. Bxc3 Kxf4 48. Bd2+ Ke4 49. Kxa2 f4 50. Kb2 f3 51. Be1 Ke3 52. Kc3 f2 53. Bxf2+ Kxf2 54. Kd4 Kg3 55. h5 Bxh5 56. Ke5 Bg4 57. Ke4 Bf5+ 58. Ke3 e5 59. Ke2 Kf4 60. Kf2 e4 61. Ke2 e3 62. Ke1 Kf3 63. Kf1 e2+ 64. Ke1 Bh3 65. Kd2 Kf2 0-1

[Event "GER-ch U25"]
[Site "Willingen"]
[Date "2007.05.29"]
[Round "5"]
[White "Helmich, Florian"]
[Black "Weber, Yannik"]
[Result "0-1"]
[WhiteElo "953"]
[BlackElo "800"]
[PlyCount "90"]
[EventDate "2007.05.26"]
[EventType "swiss"]
[EventRounds "9"]
[EventCountry "GER"]
[SourceTitle "CBM 118 Extra"]
[Source "ChessBase"]
[SourceDate "2007.07.04"]
[SourceVersion "1"]
[SourceVersionDate "2007.07.04"]
[SourceQuality "1"]

1. d4 d5 2. c4 dxc4 3. Nc3 Nc6 4. e3 e5 5. Nf3 f6 6. Bxc4 Bb4 7. Bd2 Nge7 8. Qb3 Qd6 9. 0-0 Na5 10. Qa4+ Bd7 11. Bb5 Nac6 12. Ne4 Qd5 13. Bxc6 Bxc6 14. Qxb4 Qxe4 15. dxe5 fxe5 16. Qxe4 Bxe4 17. Nxe5 0-0 18. Rac1 c6 19. Bb4 Rfe8 20. Bxe7 Rxe7 21. f4 h6 22. Rc4 Bd5 23. Rd4 Bxa2 24. Rd7 Rxd7 25. Nxd7 Rd8 26. Rd1 Kh8 27. e4 Be6 28. e5 Rxd7 29. Rxd7 Bxd7 30. h3 Kg8 31. g4 Kf7 32. f5 g6 33. e6+ Bxe6 34. fxe6+ Kxe6 35. Kf2 Ke5 36. Ke3 g5 37. Kf3 a5 38. Kg3 Kf6 39. h4 b5 40. hxg5+ hxg5 41. Kf3 Ke5 42. Ke3 c5 43. Kd3 Kd5 44. Kc3 b4+ 45. Kb3 Ke4 0-1

[Event "GER-ch U25"]
[Site "Willingen"]
[Date "2007.05.29"]
[Round "6"]
[White "Weber, Yannik"]
[Black "Gross, Jonathan"]
[Result "0-1"]
[WhiteElo "800"]
[BlackElo "1194"]
[PlyCount "56"]
[EventDate "2007.05.26"]
[EventType "swiss"]
[EventRounds "9"]
[EventCountry "GER"]
[SourceTitle "CBM 118 Extra"]
[Source "ChessBase"]
[SourceDate "2007.07.04"]
[SourceVersion "1"]
[SourceVersionDate "2007.07.04"]
[SourceQuality "1"]

1. d4 d5 2. c4 e5 3. dxe5 d4 4. Nf3 Nc6 5. e3 Bb4+ 6. Bd2 dxe3 7. fxe3 Bg4 8. Be2 Bxd2+ 9. Qxd2 Qxd2+ 10. Nbxd2 0-0-0 11. 0-0-0 Nge7 12. h3 Bxf3 13. Bxf3 Nxe5 14. c5 Nd3+ 15. Kb1 Nf2 16. Rhf1 Nxd1 17. Rxd1 Nd5 18. Nc4 Nf6 19. Rc1 c6 20. Nd6+ Rxd6 21. cxd6 Re8 22. e4 Nxe4 23. Bxe4 Rxe4 24. Rd1 Kd7 25. a3 Re6 26. Rf1 Rf6 27. Re1 Re6 28. Rf1 f6 0-1